00744nam a2200241Ia 4500001000600000003000900006008004100015040001300056040001300069041001300082100002200095100002900117245007400146245004500220250001100265260001100276260000800287260004900295300004100344500005800385650002800443650003100471 6308IT-RoPAU130308s9999 xx 000 0 und d aIT-RoPAU cIT-RoPAU aITALIANO aBrignone Giovanni gCodice Aut. SPICS: 8800 aSussidi didattici redatti nell'ambito delle scuole grafiche salesiane bFormazione integrale del docente Grafico a1a ed. aTORINO bSEI c1969 [1° Ed.:1969 - Ed.Ling.Originale:1969] a"12 p. (prefazione: no ; testo: 12)" aElenco di sussidi Didattici relativi al Campo Grafico aEDUCAZIONE ALLA GRAFICA eCodice materia Spics: 5412